| 000 | 00884 a2200193 4500 | ||
|---|---|---|---|
| 003 | Nust | ||
| 005 | 20221121135417.0 | ||
| 020 | _a812030361x | ||
| 040 | _cNust | ||
| 082 | _a515.35,COD | ||
| 100 |
_aEarl A. Coddington _9103274 |
||
| 245 |
_aAn introduction to ordinary differential equations / _cEarl A. Coddington |
||
| 260 |
_aNew Delhi _bPrentice Hall _c1961 |
||
| 300 | _a292p | ||
| 505 | _aPreliminaries (Page-1), Introduction (Page-33), Linear Equations With Constant Coefficients (Page-49), Linear Equations With Variable Coefficients (Page-103), Linear Equations With Regular Singular Points (Page-143), Existence And Uniqueness Of Solutions To First Order Equations (Page-185), Existence And Uniqueness Of Solutions To Sys And N-The Order (Page-229). | ||
| 600 |
_aEarl A Coddington _9103275 |
||
| 650 |
_aDifferential Equation _9103255 |
||
| 942 |
_2ddc _cBK _k515.35,COD |
||
| 999 |
_c181498 _d181498 |
||